LEADER 00965nam0 22002171i 450 001 UON00177657 005 20231205103119.214 100 $a20030730d1985 |0itac50 ba 101 $afre 102 $aFR 105 $a|||| 1|||| 200 1 $aHistoire des institutions publiques depuis la Revolution francaise$eadministra tion, justice, finances$fGérard Sautel 210 $aParis$cDalloz$d1985 - 613 p. ; 16 c m 606 $aFrancia$xIstituzioni pubbliche$xSec. 19.-20.$3UONC034236$2FI 700 1$aSAUTEL$bGérard$3UONV099512$0414050 801 $aIT$bSOL$c20260123$gRICA 899 $aSIBA - SISTEMA BIBLIOTECARIO DI ATENEO E ARCHIVIO STORICO$2UONSI 912 $aUON00177657 950 $aSIBA - SISTEMA BIBLIOTECARIO DI ATENEO E ARCHIVIO STORICO$dSI PUB C 0488 $eSI SC 15317 5 0488 996 $aHistoire des institutions publiques depuis la revolution francaise$9839636 997 $aUNIOR